000 00265nam a2200097Ia 4500
001 645678
005 20250826153628.0
008 250824s9999 xx 000 0 und d
245 0 _aSİHİRLİ KRALLIK BÜYÜLÜ SARAY 1
_cROSİE BANKS
260 _bDOĞAN EGMONT YAYINLARI
999 _c645678
_d645678